Gold price & wages with an examination of the quantity theory
Shranjeno v:
| Glavni avtor: | |
|---|---|
| Format: | Knjiga |
| Jezik: | Undetermined |
| Izdano: |
London
Methuen & Co, Ltd.
1913
|
| Teme: | |
| Oznake: |
Označite
Brez oznak, prvi označite!
|
| Thư viện lưu trữ: | Trung tâm Học liệu Trường Đại học Cần Thơ |
|---|
| LEADER | 00464nam a2200169Ia 4500 | ||
|---|---|---|---|
| 001 | CTU_79301 | ||
| 008 | 210402s9999 xx 000 0 und d | ||
| 082 | |a 332.4 | ||
| 082 | |b H684 | ||
| 100 | |a Hobson, J. A. | ||
| 245 | 0 | |a Gold price & wages with an examination of the quantity theory | |
| 245 | 0 | |c J. A. Hobson | |
| 260 | |a London | ||
| 260 | |b Methuen & Co, Ltd. | ||
| 260 | |c 1913 | ||
| 650 | |a Gold | ||
| 980 | |a Trung tâm Học liệu Trường Đại học Cần Thơ | ||